000 00280nam a2200133Ia 4500
003 Ost
005 20260225132537.0
008 260225s9999||||xx |||||||||||||| ||und||
040 _cfsic
041 _afre
082 _a355
245 0 _aLa guerre au XX siecle /
942 _cكتاب
999 _c33286
_d33286